Hong Kong - a new era a review of 1997

Salvato in:
Dettagli Bibliografici
Natura: Libro
Lingua:inglese
Pubblicazione: Wan Chai Information Services Department [1998]
Soggetti:
Tags: Aggiungi Tag
Nessun Tag, puoi essere il primo ad aggiungerne!!

MARC

LEADER 00000nam a2200000 4500
001 c102695
005 20231108100045.3
020 |a 962-02-0248-1 
041 0 |a eng 
044 |a HK 
245 1 0 |a Hong Kong - a new era  |b a review of 1997 
264 1 |a Wan Chai  |b Information Services Department  |c [1998] 
300 |a 484 s. 
610 2 0 |a rozvoj hospodársky 
610 2 0 |a rozvoj sociálno-ekonomický 
610 2 0 |a Hongkong